[Event "Goch op 24th"]
[Site "Goch"]
[Date "2013.09.07"]
[Round "5"]
[White "Lenaerts, Lennert"]
[Black "Wiesebach, Wolfgang"]
[Result "1-0"]
[WhiteElo "2146"]
[BlackElo "1930"]
[PlyCount "53"]
[EventDate "2013.09.05"]
[EventType "swiss"]
[EventRounds "7"]
[EventCountry "GER"]
[SourceTitle "EXT 2015"]
[Source "ChessBase"]
[SourceDate "2014.11.20"]
[SourceVersion "1"]
[SourceVersionDate "2014.11.20"]
[SourceQuality "1"]

1. d4 Nf6 2. c4 e5 3. dxe5 Ng4 4. Bf4 g5 5. Bg3 Nc6 6. Nf3 Bg7 7. Nc3 Ngxe5 8. Nxe5 Nxe5 9. e3 d6 10. Rc1 Be6 11. b3 h5 12. h3 f5 13. Be2 g4 14. Nd5 Ng6 15. hxg4 hxg4 16. Rxh8+ Bxh8 17. e4 Be5 18. Bxe5 Nxe5 19. exf5 Bxf5 20. c5 Rc8 21. Ne3 g3 22. Nxf5 gxf2+ 23. Kxf2 Qg5 24. g4 Qf4+ 25. Kg2 Kf7 26. Qd5+ Kf6 27. Rf1 1-0

[Event "Rhein Main op-A 16th"]
[Site "Bad Homburg"]
[Date "2013.06.02"]
[Round "7"]
[White "Wiesebach, Wolfgang"]
[Black "Pfadenhauer, Johannes"]
[Result "0-1"]
[WhiteElo "1945"]
[BlackElo "1958"]
[PlyCount "102"]
[EventDate "2013.05.29"]
[EventType "swiss"]
[EventRounds "7"]
[EventCountry "GER"]
[SourceTitle "EXT 2014"]
[Source "ChessBase"]
[SourceDate "2013.11.20"]
[SourceVersion "1"]
[SourceVersionDate "2013.11.20"]
[SourceQuality "1"]

1. d4 Nf6 2. Bf4 g6 3. e3 Bg7 4. h3 0-0 5. Nf3 d6 6. Be2 Nbd7 7. 0-0 c6 8. c4 a6 9. Nc3 b5 10. a3 Bb7 11. b4 Nb6 12. Nd2 Re8 13. Qc2 bxc4 14. Nxc4 Nxc4 15. Bxc4 a5 16. Qb3 Rf8 17. bxa5 Ba6 18. Rfc1 Qxa5 19. Bxa6 Qxa6 20. a4 Rfb8 21. Qc2 Rb4 22. Rab1 Rc4 23. Qb3 c5 24. dxc5 Rxc5 25. e4 Nh5 26. Be3 Rxc3 27. Rxc3 Bxc3 28. Qxc3 Qxa4 29. f3 Qa2 30. Rc1 Ng3 31. Rc2 Ne2+ 32. Rxe2 Qxe2 33. Bh6 e5 34. Qc1 Qa2 35. Qg5 Qe6 36. Kh2 f6 37. Qc1 Rc8 38. Qb2 Rd8 39. Qb7 Qf7 40. Qb6 Qe8 41. Qb3+ Kh8 42. Qb7 Rd7 43. Qc6 Qd8 44. Qd5 Re7 45. h4 Qd7 46. Qa8+ Re8 47. Qd5 Qe7 48. Qc6 Rg8 49. g4 g5 50. h5 f5 51. exf5 Qf6 0-1

[Event "Goch op 23rd"]
[Site "Goch"]
[Date "2012.09.01"]
[Round "4"]
[White "Christen, Stefan"]
[Black "Wiesebach, Wolfgang"]
[Result "0-1"]
[WhiteElo "1843"]
[BlackElo "1950"]
[PlyCount "72"]
[EventDate "2012.08.30"]
[EventType "swiss"]
[EventRounds "7"]
[EventCountry "GER"]
[SourceTitle "EXT 2015"]
[Source "ChessBase"]
[SourceDate "2014.11.20"]
[SourceVersion "1"]
[SourceVersionDate "2014.11.20"]
[SourceQuality "1"]

1. b3 d5 2. Bb2 Bf5 3. e3 e6 4. Nf3 c6 5. Be2 Nf6 6. a3 Nbd7 7. d3 h6 8. Nbd2 Bd6 9. c4 0-0 10. Qc2 Bh7 11. 0-0 Re8 12. Rac1 Rc8 13. Qb1 Bb8 14. Qa1 Qc7 15. b4 Qd6 16. Rfd1 e5 17. Nf1 Qe6 18. cxd5 Nxd5 19. Ng3 f6 20. Qa2 Kh8 21. b5 cxb5 22. e4 Nf4 23. Qxe6 Nxe6 24. Rxc8 Rxc8 25. d4 Nxd4 26. Nxd4 exd4 27. Bxb5 Ne5 28. f3 a6 29. Bf1 Ba7 30. Nf5 Bxf5 31. exf5 d3+ 32. Kh1 Nc4 33. Bc1 d2 34. Bxc4 Rxc4 35. Bb2 Rc2 36. Rb1 Rxb2 0-1

[Event "Goch op 23rd"]
[Site "Goch"]
[Date "2012.09.01"]
[Round "5"]
[White "Wiesebach, Wolfgang"]
[Black "Stuemer, Paul"]
[Result "1/2-1/2"]
[WhiteElo "1950"]
[BlackElo "2117"]
[PlyCount "43"]
[EventDate "2012.08.30"]
[EventType "swiss"]
[EventRounds "7"]
[EventCountry "GER"]
[SourceTitle "EXT 2015"]
[Source "ChessBase"]
[SourceDate "2014.11.20"]
[SourceVersion "1"]
[SourceVersionDate "2014.11.20"]
[SourceQuality "1"]

1. d4 Nf6 2. Bf4 Nh5 3. Bg3 g6 4. e3 Bg7 5. Be2 Nxg3 6. hxg3 c5 7. c3 Qc7 8. Nd2 d6 9. f4 Bd7 10. Ngf3 e6 11. Qc2 Nc6 12. 0-0-0 Rc8 13. dxc5 d5 14. Nb3 Ne7 15. Nfd4 a6 16. Kb1 0-0 17. Qd2 e5 18. Nc2 Nf5 19. Qe1 exf4 20. gxf4 Rfe8 21. Qf2 Ba4 22. g4 1/2-1/2

[Event "Lanta op 1st"]
[Site "Koh Lanta Island"]
[Date "2012.03.24"]
[Round "3"]
[White "Wiesebach, Wolfgang"]
[Black "Siebenburger, Vlastimil"]
[Result "1/2-1/2"]
[WhiteElo "1947"]
[BlackElo "2091"]
[PlyCount "34"]
[EventDate "2012.03.22"]
[EventType "swiss"]
[EventRounds "9"]
[EventCountry "THA"]
[SourceTitle "EXT 2013"]
[Source "ChessBase"]
[SourceDate "2012.11.22"]
[SourceVersion "1"]
[SourceVersionDate "2012.11.22"]
[SourceQuality "1"]

1. d4 d5 2. Bf4 Nf6 3. e3 e6 4. Nf3 Bd6 5. Ne5 Nfd7 6. Bd3 Nc6 7. Qg4 Kf8 8. Nxc6 bxc6 9. Qg3 Qe7 10. Bxd6 cxd6 11. 0-0 e5 12. c3 h5 13. h4 Rh6 14. Qg5 f6 15. Qg3 Kf7 16. Nd2 Nf8 17. f4 e4 1/2-1/2

[Event "Goch op 21st"]
[Site "Goch"]
[Date "2010.10.03"]
[Round "6"]
[White "Wiesebach, Wolfgang"]
[Black "Weber, Rolf"]
[Result "1-0"]
[WhiteElo "1878"]
[BlackElo "2046"]
[PlyCount "87"]
[EventDate "2010.09.30"]
[EventType "swiss"]
[EventRounds "7"]
[EventCountry "GER"]
[SourceTitle "EXT 2012"]
[Source "ChessBase"]
[SourceDate "2011.11.24"]
[SourceVersion "1"]
[SourceVersionDate "2011.11.24"]
[SourceQuality "1"]

1. d4 e6 2. c3 b6 3. Bf4 Bb7 4. e3 f5 5. Nf3 Nf6 6. h3 Be7 7. Nbd2 0-0 8. Be2 a5 9. Rg1 a4 10. a3 Nd5 11. Bh2 c5 12. Qc2 cxd4 13. exd4 Bc6 14. Ne5 Bh4 15. Ndf3 Bf6 16. Bd3 g6 17. g4 Bg7 18. gxf5 exf5 19. 0-0-0 b5 20. Nxc6 dxc6 21. Be5 Ra7 22. Qd2 Nf6 23. Ng5 Qd5 24. Rde1 b4 25. cxb4 Nbd7 26. Qc2 Nb6 27. Qc5 Qxc5+ 28. dxc5 Nbd5 29. Kc2 Nh5 30. Bxg7 Nxg7 31. Bc4 Rd7 32. Ne6 Rf6 33. Nf4 Kf8 34. Nxd5 cxd5 35. Bb5 Ra7 36. Rd1 Ne6 37. Rxd5 Nc7 38. Rd8+ Ke7 39. Rd7+ Kf8 40. Bc4 h6 41. Re1 g5 42. Ree7 Rc6 43. Rh7 Ke8 44. Rdg7 1-0

[Event "Vellmar op-B 2nd"]
[Site "Vellmar"]
[Date "2010.07.11"]
[Round "6"]
[White "Wagner, Andreas"]
[Black "Wiesebach, Wolfgang"]
[Result "1-0"]
[WhiteElo "1930"]
[BlackElo "1854"]
[PlyCount "119"]
[EventDate "2010.07.08"]
[EventType "swiss"]
[EventRounds "7"]
[EventCountry "GER"]
[SourceTitle "EXT 2011"]
[Source "ChessBase"]
[SourceDate "2010.11.26"]
[SourceVersion "1"]
[SourceVersionDate "2010.11.26"]
[SourceQuality "1"]

1. d4 d5 2. c4 c6 3. Nf3 Nf6 4. Nc3 e6 5. Bg5 Nbd7 6. e3 Qa5 7. Bxf6 Nxf6 8. Bd3 Be7 9. 0-0 0-0 10. a3 a6 11. b4 Qc7 12. Rc1 dxc4 13. Bxc4 a5 14. Qb3 axb4 15. axb4 Qb6 16. Rb1 Nd5 17. Nxd5 cxd5 18. Bd3 Bd7 19. b5 Ra3 20. Qd1 Bd6 21. Rb3 Rfa8 22. Qc2 g6 23. Rfb1 Rc8 24. Qd1 Raa8 25. Rc1 Qa5 26. g3 Kg7 27. Rc2 Rc7 28. Rxc7 Qxc7 29. Rb2 Ra5 30. Qd2 Ra4 31. Kg2 f6 32. Rc2 Qb6 33. Qe2 e5 34. dxe5 fxe5 35. e4 d4 36. Nd2 Bb8 37. Nb3 Rb4 38. Bc4 Bxb5 39. Bxb5 Rxb3 40. Bc4 Rb4 41. Qg4 Qd6 42. Qc8 Kh6 43. h4 Ba7 44. Qg8 Bc5 45. g4 Qe7 46. Kg3 g5 47. hxg5+ Qxg5 48. Qe6+ Qg6 49. Qd5 b6 50. f3 Rxc4 51. Rh2+ Kg7 52. Qxc4 Qf6 53. Ra2 Qf4+ 54. Kg2 Kf6 55. Qg8 Qh6 56. Qd8+ Kg6 57. Qd7 Qe3 58. Qe6+ Kg5 59. Qxe5+ Kg6 60. Qf5+ 1-0

[Event "Goch op 20th"]
[Site "Goch"]
[Date "2009.10.04"]
[Round "7"]
[White "Wiesebach, Wolfgang"]
[Black "Thevessen, Hubert"]
[Result "1/2-1/2"]
[WhiteElo "1855"]
[BlackElo "1973"]
[PlyCount "82"]
[EventDate "2009.10.01"]
[EventType "swiss"]
[EventRounds "7"]
[EventCountry "GER"]
[SourceTitle "EXT 2011"]
[Source "ChessBase"]
[SourceDate "2010.11.26"]
[SourceVersion "1"]
[SourceVersionDate "2010.11.26"]
[SourceQuality "1"]

1. d4 d5 2. Bf4 Nf6 3. e3 Bf5 4. c3 c6 5. Nf3 Nbd7 6. Nbd2 Rc8 7. h3 h6 8. Be2 e6 9. Qb3 Qb6 10. Ne5 Be7 11. Ndf3 Qxb3 12. axb3 a6 13. b4 Be4 14. Rg1 Nxe5 15. Nxe5 Nd7 16. Nd3 0-0 17. f3 Bh7 18. g4 f6 19. Bh2 Nb6 20. b3 Nd7 21. Kd2 Rfe8 22. Rge1 Bf8 23. f4 Be4 24. Nf2 Bg6 25. Bf3 e5 26. f5 Bf7 27. Bg2 Bd6 28. Nd3 Bb8 29. Nc5 Nxc5 30. bxc5 exd4 31. Bxb8 dxc3+ 32. Kxc3 Rxb8 33. e4 Re5 34. exd5 cxd5 35. b4 Rbe8 36. Red1 Kh7 37. Rd3 g6 38. fxg6+ Kxg6 39. Rad1 Rd8 40. Rf1 Rde8 41. Re1 Rd8 1/2-1/2

[Event "Goch op 20th"]
[Site "Goch"]
[Date "2009.10.03"]
[Round "4"]
[White "Glinzk, Michael"]
[Black "Wiesebach, Wolfgang"]
[Result "1-0"]
[WhiteElo "2019"]
[BlackElo "1855"]
[PlyCount "45"]
[EventDate "2009.10.01"]
[EventType "swiss"]
[EventRounds "7"]
[EventCountry "GER"]
[SourceTitle "EXT 2011"]
[Source "ChessBase"]
[SourceDate "2010.11.26"]
[SourceVersion "1"]
[SourceVersionDate "2010.11.26"]
[SourceQuality "1"]

1. e4 c5 2. Nc3 d6 3. f4 Nc6 4. Nf3 g6 5. Bc4 Bg7 6. 0-0 e6 7. d3 Nge7 8. Qe1 a6 9. f5 gxf5 10. Bg5 fxe4 11. Nxe4 d5 12. Nf6+ Bxf6 13. Bxf6 Rg8 14. Bb3 Qb6 15. Kh1 h6 16. Qh4 Nf5 17. Qf4 Nce7 18. Rae1 Qb4 19. d4 Rg6 20. Bxe7 Nxe7 21. c3 Qb6 22. Ne5 Rg7 23. Qxh6 1-0

[Event "Duesseldorf Nord Cup 8th GrH"]
[Site "Duesseldorf"]
[Date "2008.08.02"]
[Round "2"]
[White "Kopowski, Juergen"]
[Black "Wiesebach, Wolfgang"]
[Result "1/2-1/2"]
[WhiteElo "1683"]
[BlackElo "1699"]
[PlyCount "46"]
[EventDate "2008.08.01"]
[EventType "tourn"]
[EventRounds "5"]
[EventCountry "GER"]
[SourceTitle "EXT 2017"]
[Source "ChessBase"]
[SourceDate "2016.10.25"]
[SourceVersion "1"]
[SourceVersionDate "2016.10.25"]
[SourceQuality "1"]

1. d4 d5 2. Nf3 Nf6 3. g3 Bf5 4. Bg2 e6 5. 0-0 Be7 6. b3 c6 7. Bb2 Nbd7 8. Nbd2 Ne4 9. Rc1 h5 10. Nxe4 Bxe4 11. c4 h4 12. Ne5 Bxg2 13. Kxg2 Nxe5 14. dxe5 f5 15. exf6 Bxf6 16. Bxf6 Qxf6 17. cxd5 exd5 18. e3 Qf5 19. g4 Qe5 20. Qd4 h3+ 21. Kg1 Qg5 22. Qf4 Qxf4 23. exf4 Kf7 1/2-1/2